Statistics for Countries with the Most AIDS

Click here to take the quiz!

General Stats

  • This quiz has been taken 1,381 times
  • The average score is 15 of 30

Answer Stats

Hint Answer % Correct
17.8%; highest number of infectedSouth Africa
89%
0.6%; highest in North America (excluding Central America)USA
87%
2nd highest number of infectedNigeria
73%
6.3%; 4th highest number of infectedKenya
73%
15.3%Zimbabwe
73%
15.2%Zambia
69%
23.2%Lesotho
68%
12.5%; 5th highest number of infectedMozambique
66%
23.9%Botswana
66%
5.6%Tanzania
65%
26.1%Swaziland
65%
5.4%Uganda
65%
15.3%Namibia
65%
11.9%Malawi
59%
3rd highest number of infectedIndia
58%
1.0%; highest in a "developed" nationRussia
58%
5.1%Cameroon
44%
1.6%; highest in EuropeUkraine
43%
Highest rate of increase 2001-2009 (2718%)Indonesia
43%
1.3%; highest in AsiaThailand
41%
6.3%Central African Republic
38%
5.9%Gabon
36%
2.4%; highest in South AmericaSuriname
35%
2.3%; highest in Central America (continental)Belize
30%
1.5%; highest in OceaniaPapua New Guinea
21%
0.6%; highest in Western EuropeSwitzerland
14%
3.0%; highest outside of Africa; highest in the AmericasBahamas
11%
0.3%; highest in the Middle EastBahrain
9%
2700% increase 2001-2009Uzbekistan
2%
880% increase 2001-2009Kyrgyzstan
1%

Score Distribution

Percentile by Number Answered

Percent of People with Each Score

Your Score History

You have not taken this quiz